LEADER 00807nam0-22002891i-450- 001 990004068540403321 005 20051026112455.0 035 $a000406854 035 $aFED01000406854 035 $a(Aleph)000406854FED01 035 $a000406854 100 $a19990604d1986----km-y0itay50------ba 101 0 $aeng 105 $ay-------00-y- 200 1 $aDual-career families$fUma Sekeran 210 $aSan Francisco$aLondon$cJossey-Bass Publ.$d1986 215 $a261 p.$d23 cm 676 $a306.87$v21$zita 700 1$aSekeran,$bUma$0385097 801 0$aIT$bUNINA$gRICA$2UNIMARC 901 $aBK 912 $a990004068540403321 952 $a306.87 SEK 1$bBIBL.4501$fFLFBC 952 $a306.87 SEK 1 (BIS)$bBIBL.5778$fFLFBC 959 $aFLFBC 996 $aDual-career families$9479212 997 $aUNINA LEADER 01176nam--2200385---450- 001 990005984780203316 005 20141126094431.0 010 $a978-88-217-5073-1 035 $a000598478 035 $aUSA01000598478 035 $a(ALEPH)000598478USA01 035 $a000598478 100 $a20100414d2014----km-y0itay50------ba 101 $aita 102 $aIT 105 $a||||||||001yy 200 1 $aContratto a termine$edisciplina, prassi e giurisprudenza$fAlfredo Casotti, Maria Rosa Gheido 210 $aMilanofiori, Assago$cIpsoa$d2014 215 $aXIII, 410 p.$d24 cm 225 2 $a<> monografie$v13 410 0$12001$a<> monografie$v, 13 606 0 $aContratti a termine$2BNCF 676 $a346.450926 700 1$aCASOTTI,$bAlfredo$0150595 701 1$aGHEIDO,$bMaria Rosa$0150596 801 0$aIT$bsalbc$gISBD 912 $a990005984780203316 951 $aXXV.2.C. 583$b81307 G.$cXXV.2.C.$d359667 959 $aBK 969 $aGIU 979 $aCHIARA$b90$c20141126$lUSA01$h0941 979 $aCHIARA$b90$c20141126$lUSA01$h0943 979 $aCHIARA$b90$c20141126$lUSA01$h0944 996 $aContratto a termine$91080364 997 $aUNISA